|
|
|
|
| LEADER |
02534cas a2200301 a 4500 |
| 001 |
AALejournalIMF021832 |
| 008 |
230101c9999 xx r poo 0 0eng d |
| 020 |
|
|
|c 5.00 USD
|
| 020 |
|
|
|z 9781513585673
|
| 022 |
|
|
|a 1934-7685
|
| 040 |
|
|
|a BD-DhAAL
|c BD-DhAAL
|
| 110 |
2 |
|
|a International Monetary Fund.
|b Monetary and Capital Markets Department.
|
| 245 |
1 |
0 |
|a People's Republic of China-Hong Kong Special Administrative Region :
|b Financial Sector Assessment Program-Detailed Assessment of Observance-HKFE Clearing Corporation Limited (HKCC) Principles for Financial Market Infrastructures.
|
| 264 |
|
1 |
|a Washington, D.C. :
|b International Monetary Fund,
|c 2021.
|
| 300 |
|
|
|a 1 online resource (129 pages)
|
| 490 |
1 |
|
|a IMF Staff Country Reports
|
| 500 |
|
|
|a <strong>Off-Campus Access:</strong> No User ID or Password Required
|
| 500 |
|
|
|a <strong>On-Campus Access:</strong> No User ID or Password Required
|
| 506 |
|
|
|a Electronic access restricted to authorized BRAC University faculty, staff and students
|
| 520 |
3 |
|
|a The HKFE Clearing Corporation Limited (HKCC) observes the CPSS/IOSCO Principles for Financial Market Infrastructures (PFMI). It has a sound, coherent and transparent legal basis. As an integral part of the Hong Kong Exchanges and Clearing Limited (HKEX Group), the HKCC has a comprehensive and adequate risk management framework to address financial, business, and operational risks. Participant assets as well as HKCC's collaterals are safely kept in several banks and regulated central securities depositories. The credit and liquidity risks are minimized by having a robust risk management framework, including rigorous stress testing methodology and access to qualifying liquid resources. Furthermore, the HKCC has clear rules and procedures to handle and manage a participant's default procedures. Moreover, the HKCC has established risk management framework to handle operational risk, including cyber risk, and business continuity management that addresses events posing significant risk of operational disruption.
|
| 538 |
|
|
|a Mode of access: Internet
|
| 650 |
|
7 |
|a International Agreements
|2 imf
|
| 650 |
|
7 |
|a International Organizations
|2 imf
|
| 650 |
|
7 |
|a Monetary Policy
|2 imf
|
| 650 |
|
7 |
|a Observance
|2 imf
|
| 651 |
|
7 |
|a Hong Kong Special Administrative Region, People's Republic of China
|2 imf
|
| 830 |
|
0 |
|a IMF Staff Country Reports; Country Report ;
|v No. 2021/122
|
| 856 |
4 |
0 |
|z Full text available on IMF
|u http://elibrary.imf.org/view/journals/002/2021/122/002.2021.issue-122-en.xml
|z IMF e-Library
|